| 000 | 00730nam a2200253Ia 4500 | ||
|---|---|---|---|
| 003 | OSt | ||
| 005 | 20220918174605.0 | ||
| 006 | a|||||r|||| 00| 0 | ||
| 007 | ta | ||
| 008 | 220917b |||||||| |||| 00| 0 eng d | ||
| 024 | _a13,001 | ||
| 037 | _cTextual | ||
| 040 |
_aARTS _cARTS _beng |
||
| 041 |
_2eng _aeng |
||
| 082 | _aN5,N, M8 | ||
| 100 |
_aTimms Edward _951014 |
||
| 245 | 0 |
_aVision and blue prints _b Avantgrade culture and radial politics in early 20th century Europe |
|
| 260 |
_aN York _bManchester Univ Press _c1988 |
||
| 300 |
_axii, 328p. _ccm. |
||
| 650 | _aARTS | ||
| 700 |
_a Collier Peter _951015 |
||
| 942 |
_hN5,N, M8 _cTEXL _2CC |
||
| 999 |
_c153825 _d153825 |
||